LDR 00976naa#a2200193#i#450# 001 RU\\bibl\123441 005 20260705204843.7 011 ## _a1994-4683 100 ## _a20230731b2023####ek#y0rusy0150####ca 102 ## _aRU 200 1# _aОСОБЕННОСТИ ПСИХОЛОГИЧЕСКОГО СОПРОВОЖДЕНИЯ СПОРТСМЕНОВ НА ДАЛЬНЕМ ВОСТОКЕ РОССИИ _eЖурнальная статья 210 1# _aМосква _cНациональный государственный Университет физической культуры, спорта и здоровья им. П.Ф. Лесгафта _d2023 215 ## _a3 с. 608 ## _aЖурнальная статья _2local 675 ## _aПсихология. 159.9 _z 700 #1 _aБянкина _gЛариса Владимировна 700 #1 _aПавлюк _gГеоргий Богданович 700 #1 _aСупрун _gСлавяна Александровна 856 4# _auchzapiski.lesgaft.spb.ru _u